[Event "TUR-chT 1st League"]
[Site "Ankara"]
[Date "2025.07.20"]
[Round "9.1"]
[White "Asadli, Vugar Afgan Oglu"]
[Black "Ivic, Velimir"]
[Result "1/2-1/2"]
[WhiteElo "2556"]
[BlackElo "2639"]
[PlyCount "88"]
[EventDate "2025.07.14"]
[EventType "team-swiss"]
[EventRounds "9"]
[EventCountry "TUR"]
[SourceTitle "CB30_2025"]
[SourceDate "2025.07.23"]
[SourceVersion "1"]
[SourceVersionDate "2025.07.23"]
[SourceQuality "1"]
[WhiteTeam "Resul Caner Satranc"]
[BlackTeam "Goztepe"]
[WhiteTeamCountry "TUR"]
[BlackTeamCountry "TUR"]

1. e4 c5 2. c3 Nf6 3. e5 Nd5 4. Bc4 e6 5. Nf3 d6 6. d4 Be7 7. 0-0 0-0 8. Qe2 Nc6 9. Rd1 Qc7 10. Na3 a6 11. Nc2 cxd4 12. cxd4 Bd7 13. Bxd5 exd5 14. Bf4 Rfe8 15. Rac1 Qa5 16. Qd2 Qxd2 17. Rxd2 dxe5 18. dxe5 Rac8 19. h3 Bf5 20. Rdd1 Nxe5 21. Nxe5 Rxc2 22. Rxc2 Bxc2 23. Rxd5 Be4 24. Rd7 Bc5 25. Nc4 Bc6 26. Rc7 Re7 27. Rc8+ Re8 28. Rc7 h6 29. Bg3 Re7 30. Rc8+ Re8 31. Rc7 f6 32. a3 Re7 33. Rc8+ Re8 34. Rc7 Ba7 35. Nd6 Re1+ 36. Kh2 Bb6 37. Rc8+ Kh7 38. Nc4 Bd4 39. Rd8 Ba7 40. Na5 Re2 41. Nxc6 bxc6 42. Ra8 Bxf2 43. Bxf2 Rxf2 44. Rxa6 Rxb2 1/2-1/2

[Event "TUR-chT 1st League"]
[Site "Ankara"]
[Date "2025.07.18"]
[Round "6.19"]
[White "Pultinevicius, Paulius"]
[Black "Asadli, Vugar Afgan Oglu"]
[Result "1/2-1/2"]
[WhiteElo "2542"]
[BlackElo "2556"]
[PlyCount "40"]
[EventDate "2025.07.14"]
[EventType "team-swiss"]
[EventRounds "9"]
[EventCountry "TUR"]
[SourceTitle "CB30_2025"]
[SourceDate "2025.07.23"]
[SourceVersion "1"]
[SourceVersionDate "2025.07.23"]
[SourceQuality "1"]
[WhiteTeam "Akcakoca Satranc"]
[BlackTeam "Resul Caner Satranc"]
[WhiteTeamCountry "TUR"]
[BlackTeamCountry "TUR"]

1. Nf3 d5 2. e3 Nf6 3. c4 e6 4. Nc3 Nbd7 5. Qc2 a6 6. cxd5 exd5 7. b3 Bd6 8. Bb2 0-0 9. Ne2 Re8 10. Ng3 c5 11. d4 b6 12. Be2 Bb7 13. 0-0 Rc8 14. dxc5 bxc5 15. Rfd1 Qb6 16. Rac1 Bb8 17. Qf5 Rcd8 18. Bd3 h6 19. Nh5 Nxh5 20. Qxh5 Nf8 1/2-1/2

[Event "TUR-chT 1st League"]
[Site "Ankara"]
[Date "2025.07.16"]
[Round "4.49"]
[White "Lazov, Toni"]
[Black "Asadli, Vugar Afgan Oglu"]
[Result "1/2-1/2"]
[WhiteElo "2400"]
[BlackElo "2556"]
[PlyCount "61"]
[EventDate "2025.07.14"]
[EventType "team-swiss"]
[EventRounds "9"]
[EventCountry "TUR"]
[SourceTitle "CB30_2025"]
[SourceDate "2025.07.23"]
[SourceVersion "1"]
[SourceVersionDate "2025.07.23"]
[SourceQuality "1"]
[WhiteTeam "Olbia Satranc"]
[BlackTeam "Resul Caner Satranc"]
[WhiteTeamCountry "TUR"]
[BlackTeamCountry "TUR"]

1. e4 e5 2. Nf3 Nc6 3. Bc4 Bc5 4. c3 Nf6 5. d3 d6 6. 0-0 0-0 7. a4 a5 8. Nbd2 h6 9. Re1 Be6 10. h3 Bxc4 11. Nxc4 Re8 12. Be3 Bxe3 13. Nxe3 Qd7 14. Qb3 b6 15. Rad1 Rad8 16. Qb5 Ne7 17. Qxd7 Rxd7 18. g3 Ng6 19. Kg2 d5 20. exd5 Nxd5 21. d4 Nxe3+ 22. Rxe3 e4 23. Nd2 f5 24. f3 exf3+ 25. Kxf3 Rxe3+ 26. Kxe3 Re7+ 27. Kf3 Kf7 28. Nc4 Kf6 29. Ne3 Rd7 30. Rd2 Ne7 31. Re2 1/2-1/2

[Event "AZE-ch 79th"]
[Site "Baku"]
[Date "2025.02.06"]
[Round "2.5"]
[White "Safarli, Eltaj"]
[Black "Asadli, Vugar Afgan Oglu"]
[Result "1/2-1/2"]
[WhiteElo "2609"]
[BlackElo "2551"]
[PlyCount "88"]
[EventDate "2025.02.01"]
[EventType "k.o."]
[EventRounds "5"]
[EventCountry "AZE"]
[SourceTitle "CB08_2025"]
[SourceDate "2025.02.19"]
[SourceVersion "1"]
[SourceVersionDate "2025.02.19"]
[SourceQuality "1"]

1. c4 g6 2. g3 Bg7 3. Bg2 d6 4. d4 Nf6 5. Nc3 0-0 6. Nf3 c5 7. 0-0 Nc6 8. dxc5 dxc5 9. Bf4 Nh5 10. Be3 b6 11. Qc1 Bb7 12. Bh6 e6 13. Rd1 Qe7 14. g4 Nf6 15. h3 Rad8 16. Qe3 Bxh6 17. Qxh6 Rxd1+ 18. Rxd1 Rd8 19. Rxd8+ Nxd8 20. Ng5 Bxg2 21. Kxg2 Qf8 22. Qh4 h6 23. Nge4 Nxe4 24. Nxe4 Nc6 25. g5 hxg5 26. Nxg5 Qg7 27. Qf4 Qf8 28. Qh4 Qg7 29. Qf4 Qf8 30. h4 Qe7 31. Ne4 Kg7 32. e3 f6 33. Qg3 Kh7 34. h5 gxh5 35. Qh4 Kg6 36. Ng3 f5 37. Qxh5+ Kg7 38. e4 fxe4 39. Nxe4 Qf7 40. Qg5+ Qg6 41. Kf3 Qxg5 42. Nxg5 Kf6 43. Ne4+ Ke5 44. Ke3 Kf5 1/2-1/2

[Event "AZE-ch 79th"]
[Site "Baku"]
[Date "2025.02.04"]
[Round "2.1"]
[White "Asadli, Vugar Afgan Oglu"]
[Black "Safarli, Eltaj"]
[Result "1/2-1/2"]
[WhiteElo "2551"]
[BlackElo "2609"]
[PlyCount "61"]
[EventDate "2025.02.01"]
[EventType "k.o."]
[EventRounds "5"]
[EventCountry "AZE"]
[SourceTitle "CB08_2025"]
[SourceDate "2025.02.19"]
[SourceVersion "1"]
[SourceVersionDate "2025.02.19"]
[SourceQuality "1"]

1. Nf3 d5 2. e3 c5 3. b3 Nf6 4. Bb2 g6 5. c4 Bg7 6. cxd5 Qxd5 7. Bc4 Qd6 8. Nc3 0-0 9. 0-0 a6 10. d4 b5 11. Be2 cxd4 12. Qxd4 Qxd4 13. Nxd4 Bb7 14. Rac1 Nbd7 15. Ba3 Rfe8 16. Bf3 Bxf3 17. gxf3 Rac8 18. Nce2 Nd5 19. Rfd1 Rxc1 20. Rxc1 b4 21. Bb2 e6 22. Rc6 Ne5 23. Rxa6 Nxf3+ 24. Nxf3 Bxb2 25. Ned4 Rc8 26. Nc6 Kg7 27. Ne1 Nc7 28. Ra4 Nd5 29. Ra6 Nc7 30. Ra4 Nd5 31. Ra6 1/2-1/2

[Event "EU-ch 24th"]
[Site "Petrovac"]
[Date "2024.11.17"]
[Round "9"]
[White "Asadli, Vugar Afgan Oglu"]
[Black "Tutisani, Noe"]
[Result "1/2-1/2"]
[WhiteElo "2554"]
[BlackElo "2411"]
[PlyCount "33"]
[EventDate "2024.11.08"]
[EventType "swiss"]
[EventRounds "11"]
[EventCountry "MNE"]
[SourceTitle "CB47_2024"]
[SourceDate "2024.11.20"]
[SourceVersion "1"]
[SourceVersionDate "2024.11.20"]
[SourceQuality "1"]

1. e4 e5 2. Nf3 Nf6 3. Nxe5 d6 4. Nf3 Nxe4 5. d3 Nf6 6. d4 d5 7. Bd3 Bd6 8. 0-0 0-0 9. h3 h6 10. Nc3 a6 11. Ne2 Re8 12. c3 Nc6 13. Qc2 Ne4 14. Nf4 Nf6 15. Ne2 Ne4 16. Nf4 Nf6 17. Ne2 1/2-1/2

[Event "EU-ch 24th"]
[Site "Petrovac"]
[Date "2024.11.13"]
[Round "6"]
[White "Agdelen, Huseyin Can"]
[Black "Asadli, Vugar Afgan Oglu"]
[Result "1/2-1/2"]
[WhiteElo "2407"]
[BlackElo "2554"]
[PlyCount "35"]
[EventDate "2024.11.08"]
[EventType "swiss"]
[EventRounds "11"]
[EventCountry "MNE"]
[SourceTitle "CB47_2024"]
[SourceDate "2024.11.20"]
[SourceVersion "1"]
[SourceVersionDate "2024.11.20"]
[SourceQuality "1"]

1. e4 c5 2. Nf3 e6 3. d4 cxd4 4. Nxd4 Nf6 5. Nc3 Bb4 6. e5 Nd5 7. Bd2 Nxc3 8. bxc3 Bf8 9. Bd3 Na6 10. 0-0 Nc5 11. Qf3 Rb8 12. Qg3 a6 13. f4 Nxd3 14. cxd3 g6 15. f5 gxf5 16. Bg5 Be7 17. Bf6 Rf8 18. Rae1 1/2-1/2

[Event "EU-ch 24th"]
[Site "Petrovac"]
[Date "2024.11.08"]
[Round "1"]
[White "Nalbandyan, Vahan"]
[Black "Asadli, Vugar Afgan Oglu"]
[Result "0-1"]
[WhiteElo "2223"]
[BlackElo "2554"]
[PlyCount "130"]
[EventDate "2024.11.08"]
[EventType "swiss"]
[EventRounds "11"]
[EventCountry "MNE"]
[SourceTitle "CB47_2024"]
[SourceDate "2024.11.20"]
[SourceVersion "1"]
[SourceVersionDate "2024.11.20"]
[SourceQuality "1"]

1. e4 e5 2. Nf3 Nc6 3. Bb5 a6 4. Ba4 Nf6 5. d3 d6 6. c3 g6 7. 0-0 Bg7 8. Re1 0-0 9. Nbd2 Re8 10. Nf1 b5 11. Bb3 h6 12. h3 Na5 13. Bc2 c5 14. Be3 Bb7 15. Qd2 Kh7 16. Ng3 Rc8 17. b4 cxb4 18. cxb4 Nc6 19. Bb3 Re7 20. a3 a5 21. Rac1 axb4 22. axb4 d5 23. Bc5 Rd7 24. Qe2 d4 25. Qd2 Ne8 26. h4 Nc7 27. h5 Qf6 28. Nh2 Na6 29. hxg6+ Qxg6 30. Nf5 Bf6 31. Nf3 Rg8 32. g3 Bg5 33. Nxg5+ Qxg5 34. Qxg5 Rxg5 35. Nd6 Ncxb4 36. Nxf7 Nxc5 37. Rxc5 Nxd3 38. Nxg5+ hxg5 39. Rec1 Nxc1 40. Rxc1 Bxe4 41. Re1 Bf3 42. Rxe5 d3 43. g4 d2 44. Rxb5 d1Q+ 45. Bxd1 Rxd1+ 46. Kh2 Kg6 47. Rb6+ Kf7 48. Rb3 Bd5 49. Re3 Kf6 50. f3 Rd2+ 51. Kg3 Rb2 52. Rd3 Ke5 53. Re3+ Kd6 54. Rc3 Rb4 55. Ra3 Rf4 56. Re3 Rf8 57. Kg2 Rf7 58. Kg3 Rf4 59. Kf2 Kc5 60. Ra3 Kd4 61. Ke2 Rf8 62. Kf2 Rb8 63. Kg3 Rb1 64. Kf2 Rb3 65. Ra4+ Ke5 0-1

[Event "EU-Cup 39th"]
[Site "Vrnjacka Banja"]
[Date "2024.10.25"]
[Round "6.3"]
[White "Mamedyarov, Shakhriyar"]
[Black "Asadli, Vugar Afgan Oglu"]
[Result "1-0"]
[WhiteElo "2733"]
[BlackElo "2553"]
[PlyCount "75"]
[EventDate "2024.10.20"]
[EventType "team-swiss"]
[EventRounds "7"]
[EventCountry "SRB"]
[SourceTitle "CB44_2024"]
[Source "Chessbase"]
[SourceDate "2024.10.30"]
[SourceVersion "1"]
[SourceVersionDate "2024.10.30"]
[SourceQuality "1"]
[WhiteTeam "Bayegan Pendik"]
[BlackTeam "Vugar Gashimov"]
[WhiteTeamCountry "TUR"]
[BlackTeamCountry "AZE"]

1. d4 Nf6 2. c4 g6 3. g3 Bg7 4. Bg2 0-0 5. Nc3 d6 6. Nf3 c5 7. d5 e6 8. 0-0 exd5 9. cxd5 Re8 10. Re1 Nbd7 11. e4 a6 12. a4 Ng4 13. Nh4 Nge5 14. f4 Nc4 15. Qc2 Rb8 16. Nf3 b5 17. axb5 axb5 18. Bf1 b4 19. Bxc4 bxc3 20. bxc3 Nb6 21. Bb5 Bd7 22. Rb1 Bxb5 23. Rxb5 Nc4 24. Rxb8 Qxb8 25. Nd2 Na5 26. Kg2 f5 27. Re3 c4 28. Ba3 Qb5 29. Bb4 Nb7 30. Qa2 Rc8 31. Nf3 fxe4 32. Rxe4 Qxd5 33. Qe2 Bf6 34. g4 Qc6 35. Kg3 Nc5 36. Re6 Bg7 37. Ng5 h6 38. Rxd6 1-0

[Event "Morshyn Saint Charbel Cup 2nd"]
[Site "Morshyn"]
[Date "2024.10.13"]
[Round "9"]
[White "Grekh, Andrey"]
[Black "Asadli, Vugar Afgan Oglu"]
[Result "1/2-1/2"]
[WhiteElo "2388"]
[BlackElo "2553"]
[PlyCount "36"]
[EventDate "2024.10.08"]
[EventType "tourn"]
[EventRounds "9"]
[EventCountry "UKR"]
[EventCategory "6"]
[SourceTitle "CB43_2024"]
[Source "Chessbase"]
[SourceDate "2024.10.23"]
[SourceVersion "1"]
[SourceVersionDate "2024.10.23"]
[SourceQuality "1"]

1. Nf3 Nf6 2. c4 e6 3. g3 d5 4. Bg2 Be7 5. 0-0 0-0 6. cxd5 exd5 7. d4 c6 8. Nc3 Bf5 9. Qb3 Qb6 10. Qxb6 axb6 11. Bf4 Nbd7 12. a4 Rfe8 13. Ne5 Nxe5 14. Bxe5 Nd7 15. Bf4 Nf8 16. h3 Ne6 17. Be3 h5 18. Rfd1 Bb4 1/2-1/2

[Event "Morshyn Saint Charbel Cup 2nd"]
[Site "Morshyn"]
[Date "2024.10.08"]
[Round "1"]
[White "Asadli, Vugar Afgan Oglu"]
[Black "Pacher, Milan"]
[Result "1-0"]
[WhiteElo "2553"]
[BlackElo "2309"]
[PlyCount "59"]
[EventDate "2024.10.08"]
[EventType "tourn"]
[EventRounds "9"]
[EventCountry "UKR"]
[EventCategory "6"]
[SourceTitle "CB43_2024"]
[Source "Chessbase"]
[SourceDate "2024.10.23"]
[SourceVersion "1"]
[SourceVersionDate "2024.10.23"]
[SourceQuality "1"]

1. e4 e6 2. d4 d5 3. Nd2 c5 4. Ngf3 cxd4 5. Nxd4 Nc6 6. Bb5 Bd7 7. Nxc6 bxc6 8. Bd3 Bd6 9. Qe2 Ne7 10. e5 Bc7 11. 0-0 Ng6 12. Nf3 f6 13. exf6 Qxf6 14. Bg5 Qf7 15. Bd2 Nf4 16. Bxf4 Qxf4 17. Rae1 Ke7 18. c4 Rab8 19. b3 g5 20. Qb2 Qf6 21. Ne5 a5 22. Re2 a4 23. Rfe1 Bxe5 24. Rxe5 axb3 25. axb3 Rhf8 26. Qa3+ Kd8 27. Qa5+ Ke7 28. Qc5+ Kd8 29. cxd5 cxd5 30. Rxe6 1-0

[Event "Morshyn Saint Charbel Cup Blitz 2nd"]
[Site "Morshyn"]
[Date "2024.10.07"]
[Round "6"]
[White "Asadli, Vugar Afgan Oglu"]
[Black "Grekh, Andrey"]
[Result "1-0"]
[WhiteElo "2553"]
[BlackElo "2388"]
[PlyCount "111"]
[EventDate "2024.10.07"]
[EventType "tourn (blitz)"]
[EventRounds "9"]
[EventCountry "UKR"]
[EventCategory "6"]
[SourceTitle "CB43_2024"]
[Source "Chessbase"]
[SourceDate "2024.10.23"]
[SourceVersion "1"]
[SourceVersionDate "2024.10.23"]
[SourceQuality "1"]

1. Nf3 d5 2. g3 e6 3. Bg2 Nf6 4. 0-0 Be7 5. b3 0-0 6. c4 c5 7. cxd5 Nxd5 8. Bb2 Bf6 9. Nc3 Nc6 10. Qc2 b6 11. Nxd5 exd5 12. d4 Ba6 13. dxc5 Bxb2 14. Qxb2 bxc5 15. Rfd1 d4 16. Rac1 Qe7 17. Nd2 Rac8 18. Ne4 Ne5 19. Re1 f5 20. Nd2 Ng4 21. Qa3 Rf6 22. Nf3 f4 23. b4 fxg3 24. hxg3 c4 25. Qa5 Rd8 26. Qg5 Nxf2 27. Qh4 Qe3 28. Qg5 Ng4+ 29. Qxe3 Nxe3 30. a4 c3 31. Bh1 Bb7 32. b5 Bxf3 33. Bxf3 Rfd6 34. a5 Rb8 35. Bc6 Kf7 36. Ra1 Ke7 37. Ra4 c2 38. Rc1 Rxc6 39. bxc6 Rb1 40. Ra1 Rxa1 41. Rxa1 Kd6 42. Kf2 Kxc6 43. Ke1 Kb5 44. Kd2 Kc4 45. Ra3 Kb4 46. Rd3 Kc4 47. a6 h5 48. Ra3 g5 49. Ra5 Nf1+ 50. Kxc2 Nxg3 51. Rxg5 h4 52. Rg7 Nxe2 53. Rxa7 d3+ 54. Kd2 Kb5 55. Kxd3 Nf4+ 56. Kd2 1-0

[Event "TUR-chT"]
[Site "Ankara"]
[Date "2024.07.24"]
[Round "13.8"]
[White "Asadli, Vugar Afgan Oglu"]
[Black "Petriashvili, Nikoloz"]
[Result "1-0"]
[WhiteElo "2560"]
[BlackElo "2463"]
[PlyCount "93"]
[EventDate "2024.07.14"]
[EventType "team-tourn"]
[EventRounds "15"]
[EventCountry "TUR"]
[SourceTitle "EXT 2025"]
[Source "ChessBase"]
[SourceDate "2024.10.14"]
[SourceVersion "1"]
[SourceVersionDate "2024.10.14"]
[SourceQuality "1"]
[WhiteTeam "Darassufaka Spor"]
[BlackTeam "Tarsus Zeka"]
[WhiteTeamCountry "TUR"]
[BlackTeamCountry "TUR"]

1. e4 e5 2. Nf3 Nc6 3. Bb5 a6 4. Ba4 g6 5. c3 d6 6. 0-0 Bg7 7. d4 Bd7 8. h3 Nf6 9. Re1 0-0 10. Bc2 a5 11. a4 h6 12. Na3 exd4 13. cxd4 Nb4 14. Bb1 Re8 15. Nb5 Bxb5 16. axb5 Qd7 17. Qa4 c6 18. Bd2 cxb5 19. Qb3 Nc6 20. Qxb5 d5 21. exd5 Qxd5 22. Rxe8+ Rxe8 23. Qxb7 Rb8 24. Qc7 Rxb2 25. Bc3 Re2 26. Ne5 Nxd4 27. Rxa5 Qe6 28. Qd8+ Kh7 29. Qxd4 Nd7 30. Nxg6 Bxd4 31. Nf8+ Kg8 32. Nxe6 fxe6 33. Bxd4 Re1+ 34. Kh2 Rxb1 35. Ra7 Nb8 36. Rg7+ Kf8 37. Rh7 Nc6 38. Be3 Ne7 39. Rxh6 Kf7 40. Rh7+ Ke8 41. h4 Nf5 42. Bg5 Rb2 43. f3 Kf8 44. Ra7 Rb5 45. Kh3 Rd5 46. Kg4 Rd6 47. h5 1-0

[Event "Baku op"]
[Site "Baku"]
[Date "2024.07.04"]
[Round "6"]
[White "Asadli, Vugar Afgan Oglu"]
[Black "Narayanan, Sunilduth Lyna"]
[Result "0-1"]
[WhiteElo "2560"]
[BlackElo "2668"]
[PlyCount "49"]
[EventDate "2024.06.29"]
[EventType "swiss"]
[EventRounds "9"]
[EventCountry "AZE"]
[SourceTitle "CBM 221 Extra"]
[Source "ChessBase"]
[SourceDate "2024.09.30"]
[SourceVersion "1"]
[SourceVersionDate "2024.09.30"]
[SourceQuality "1"]

1. e4 c5 2. Nf3 d6 3. d4 cxd4 4. Nxd4 Nf6 5. Nc3 Nc6 6. Bg5 Bd7 7. Qd2 a6 8. 0-0-0 e6 9. Kb1 Be7 10. f3 Nxd4 11. Qxd4 Qc7 12. Qd2 b5 13. g4 b4 14. Ne2 a5 15. Nd4 0-0 16. Be3 Rfc8 17. g5 Nh5 18. Nb5 Bxb5 19. Bxb5 a4 20. Rhf1 Ra5 21. Be2 a3 22. b3 Bxg5 23. Bxg5 Rxg5 24. Ba6 Rg2 25. Bc4 0-1

[Event "Baku op"]
[Site "Baku"]
[Date "2024.07.01"]
[Round "3"]
[White "Aarav, Sinha"]
[Black "Asadli, Vugar Afgan Oglu"]
[Result "0-1"]
[WhiteElo "2300"]
[BlackElo "2560"]
[PlyCount "62"]
[EventDate "2024.06.29"]
[EventType "swiss"]
[EventRounds "9"]
[EventCountry "AZE"]
[SourceTitle "CBM 221 Extra"]
[Source "ChessBase"]
[SourceDate "2024.09.30"]
[SourceVersion "1"]
[SourceVersionDate "2024.09.30"]
[SourceQuality "1"]

1. e4 e5 2. Nf3 Nc6 3. Bc4 Nf6 4. d3 Be7 5. c3 0-0 6. 0-0 d5 7. exd5 Nxd5 8. Re1 Bg4 9. h3 Bh5 10. Nbd2 Nb6 11. Bb5 f6 12. Bxc6 bxc6 13. Ne4 c5 14. Ng3 Bg6 15. d4 exd4 16. cxd4 c4 17. Bd2 Re8 18. b3 Bd6 19. Rxe8+ Qxe8 20. Nh4 c3 21. Nxg6 cxd2 22. Nh4 Bxg3 23. fxg3 Qe3+ 24. Kh2 Qxd4 25. Rb1 Rd8 26. Nf3 Qc3 27. Qe2 Qc1 28. Qe6+ Kh8 29. Qe7 Rc8 30. Nxd2 Qxd2 31. Re1 Qd7 0-1

[Event "Chess.com Classic Play In"]
[Site "Chess.com INT"]
[Date "2024.05.08"]
[Round "5"]
[White "Gokerkan, Cem Kaan"]
[Black "Asadli, Vugar Afgan Oglu"]
[Result "1/2-1/2"]
[WhiteElo "2512"]
[BlackElo "2560"]
[PlyCount "96"]
[EventDate "2024.05.08"]
[EventType "swiss (rapid)"]
[EventRounds "9"]
[EventCountry "USA"]
[SourceTitle "CBM 220 Extra"]
[Source "ChessBase"]
[SourceDate "2024.07.31"]
[SourceVersion "1"]
[SourceVersionDate "2024.07.31"]
[SourceQuality "1"]

1. e4 c5 2. c3 e5 3. Nf3 Nc6 4. Bc4 Nf6 5. Ng5 d5 6. exd5 Nxd5 7. d4 Be7 8. dxc5 Bxg5 9. Bxg5 Qxg5 10. Bxd5 0-0 11. Nd2 Bf5 12. Ne4 Bxe4 13. Bxe4 Rad8 14. Qc1 Qg4 15. Qe3 f5 16. Bf3 Qc4 17. b3 Qe6 18. Be2 Qg6 19. Qg3 Qe8 20. Rd1 Rxd1+ 21. Bxd1 e4 22. 0-0 Ne5 23. Qe3 Qg6 24. f4 Nc6 25. b4 h6 26. Bb3+ Kh7 27. Rd1 Rd8 28. b5 Rxd1+ 29. Bxd1 Na5 30. Qd4 Qe6 31. a4 Qa2 32. h3 Qb1 33. Kh2 Qc1 34. Kg3 Nc4 35. Qxc4 Qxd1 36. c6 bxc6 37. bxc6 e3 38. c7 e2 39. Qxe2 Qxe2 40. c8Q Qe3+ 41. Kh2 Qxf4+ 42. Kh1 Qe4 43. c4 f4 44. c5 Qe1+ 45. Kh2 Qg3+ 46. Kh1 Qe1+ 47. Kh2 Qg3+ 48. Kh1 Qe1+ 1/2-1/2